书目信息 |
| 题名: |
柴达木盆地盐湖演化与古气候波动
|
|
| 作者: | 黄麒 , 韩凤清 著 | |
| 分册: | ||
| 出版信息: | 北京 科学出版社 2007 |
|
| 页数: | 209页 | |
| 开本: | 26cm | |
| 丛书名: | ||
| 单 册: | ||
| 中图分类: | P942.440.78 , P532 | |
| 科图分类: | ||
| 主题词: | 盐湖 , 古气候 , 气候变化 | |
| 电子资源: | ||
| ISBN: | 978-7-03-018803-8 | |
| 000 | 01286nam0 2200361 450 | |
| 001 | 003457554 | |
| 005 | 20070805110304.12 | |
| 010 | @a978-7-03-018803-8@dCNY48.00 | |
| 035 | @a003457554 | |
| 100 | @a20070327d2007 em y0chiy0110 ea | |
| 101 | 0 | @achi@eeng |
| 102 | @aCN@b110000 | |
| 105 | @ay z 000yy | |
| 106 | @ar | |
| 200 | 1 | @a柴达木盆地盐湖演化与古气候波动@Achai da mu pen di yan hu yan hua yu gu qi hou bo dong@f黄麒,韩凤清著@Fhuang qi, han feng qing zhu |
| 210 | @a北京@c科学出版社@d2007 | |
| 215 | @a209页@d26cm | |
| 300 | @a青海省科技学术著作出版基金资助 | |
| 312 | @a封底英文题名:Evolution of salt lakes and palaeoclimate | |
| 330 | @a本书是作者30年来有关柴达木盆地盐湖研究的系统总结,共分三章,分别介绍了盐湖沉积物的年代学研究、柴达木盆地湖泊演化与成盐期、近400万年以来柴达木盆地的古气候波动与成盐作用。 | |
| 510 | 1 | @aEvolution of salt lakes and palaeoclimate@zeng |
| 606 | 0 | @a盐湖 |
| 606 | 0 | @a古气候 |
| 606 | 0 | @a气候变化 |
| 607 | @a柴达木盆地@x盐湖@x演化@x研究 | |
| 607 | @a柴达木盆地@x古气候@x气候变化@x研究 | |
| 607 | @a柴达木盆地 | |
| 690 | @aP942.440.78@v4 | |
| 690 | @aP532@v4 | |
| 701 | 0 | @a黄麒@Ahuang qi@c(地质)@4著 |
| 701 | 0 | @a韩凤清@Ahan feng qing@4著 |
| 801 | 0 | @aCN@bNLC@c20070805 |
| 905 | @dP942.440.78@e123@f4 | |
| 柴达木盆地盐湖演化与古气候波动/黄麒,韩凤清著.-北京:科学出版社,2007 |
| 209页;26cm |
| 青海省科技学术著作出版基金资助 |
| ISBN 978-7-03-018803-8:CNY48.00 |
| 本书是作者30年来有关柴达木盆地盐湖研究的系统总结,共分三章,分别介绍了盐湖沉积物的年代学研究、柴达木盆地湖泊演化与成盐期、近400万年以来柴达木盆地的古气候波动与成盐作用。 |
| ● |
| 相关链接 |
|
|
|
|
正题名:柴达木盆地盐湖演化与古气候波动
索取号:P942.440.78/123
 
预约/预借
| 序号 | 登录号 | 条形码 | 馆藏地/架位号 | 状态 | 备注 |
| 1 | 0851898 | 208518987 | 第二样本阅览室/ [索取号:P942.440.78/123] | 在馆 | |
| 2 | 0851899 | 208518996 | 第三借阅区/ [索取号:P942.440.78/123] | 在馆 | |
| 3 | 0851900 | 208519003 | 第三借阅区/ [索取号:P942.440.78/123] | 在馆 | |
| 4 | 0851901 | 208519012 | 第三借阅区/ [索取号:P942.440.78/123] | 在馆 |